Committee on the welfare of scheduled castes and scheduled tribes 1978-79 (Record no. 601440)

MARC details
000 -LEADER
fixed length control field 00813nam a2200241Ia 4500
003 - CONTROL NUMBER IDENTIFIER
control field OSt
005 - DATE AND TIME OF LATEST TRANSACTION
control field 20220926001355.0
008 - FIXED-LENGTH DATA ELEMENTS--GENERAL INFORMATION
fixed length control field 220923b |||||||| |||| 00| 0 eng d
037 ## - SOURCE OF ACQUISITION
Terms of availability General Book
040 ## - CATALOGING SOURCE
Original cataloging agency RTL
Transcribing agency RTL
Language of cataloging eng
041 ## - LANGUAGE CODE
Source of code eng
Language code of text/sound track or separate title eng
110 ## - MAIN ENTRY--CORPORATE NAME
Corporate name or jurisdiction name as entry element INDIA, AGRICULTURE AND IRRIGATION (Ministry of-)
9 (RLIN) 303909
245 #0 - TITLE STATEMENT
Title Committee on the welfare of scheduled castes and scheduled tribes 1978-79
260 ## - PUBLICATION, DISTRIBUTION, ETC.
Place of publication, distribution, etc. New Delhi
Name of publisher, distributor, etc. Lok Sabha secretariat
Date of publication, distribution, etc. 1979
300 ## - PHYSICAL DESCRIPTION
Extent v,38p.
Dimensions cm.
500 ## - GENERAL NOTE
General note Appendix :38p.
700 ## - ADDED ENTRY--PERSONAL NAME
Personal name INDIA, AGRICULTURE AND IRRIGATION (Ministry of-)
9 (RLIN) 303910
942 ## - ADDED ENTRY ELEMENTS (KOHA)
Classification part V2,32-93(Y5926).N79<N78r, L9/GD
Koha item type General Books
Source of classification or shelving scheme Colon Classification (CC)

No items available.

Copyright @ Delhi University Library System